000 00432nam a2200169 4500
001 132316
003 ES-MaACL
005 20230906194142.0
007 t|
008 070214s1936 sp r ||||1| spa d
100 1 _aRomero, J. Rubén.
_999330
245 1 0 _aDesbandada /
_cJ. Rubén Romero.
250 _a2ª ed.
260 _aBarcelona :
_bAgustín Núñez,
_c1936.
300 _a156 p. ;
_c20 cm.
852 _aES-MaACL
_jA-4369
999 _c132316
_d132316